El Quijote de Cervantes

保存先:
書誌詳細
第一著者: Haley, George (著者)
フォーマット: 図書
言語:スペイン語
出版事項: Madrid Taurus 1984
シリーズ:El Escritor y la Crítica
主題:
タグ: タグ追加
タグなし, このレコードへの初めてのタグを付けませんか!

MARC

LEADER 00000nam a2200000 a 4500
001 UCQ8033
003 CL-VaPUC
008 981127e19840000SP |||||||||||||||||spa|d
082 0 4 |a 863.09  |b HAL  |2 21 
100 0 |a Haley, George  |e author  |9 421874 
245 1 3 |a El Quijote de Cervantes 
300 |a 408 p 
942 |c BK 
945 |d 19981127 00:00:00  |a crobeson 
260 |a Madrid  |b Taurus  |c 1984 
600 0 |a Cervantes y Saavedra, Miguel de  |9 267947 
650 7 |a NOVELA ESPAÑOLA  |2 CL-VaPUC  |9 313139 
650 0 |a Literatura española  |9 306261 
650 0 |a Crítica e interpretación   |9 255042 
650 0 |a Crítica literaria   |9 269189 
583 |a last modification  |c 19981127 00:00:00  |k Rodrigo Vera 
490 0 |a El Escritor y la Crítica 
999 |c 277405  |d 277403 
952 |0 0  |1 0  |4 0  |6 863_090000000000000_HAL_1984  |7 0  |8 A  |9 315308  |a FDOPOS  |b FDOPOS  |d 2019-11-20  |i 149628K  |o 863.09 HAL 1984  |p 149628K  |r 2025-01-22  |w 2019-11-20  |y BK  |k MLH